00646nam a2200193Ia 4500003000400000005001700004008004100021020001800062040002900080050002500109100002800134245005200162260005200214300000900266650002100275942001200296952013100308999001300439OSt20230921102217.0221021s9999||||xx |||||||||||||| ||und|| a9966 847 16 2 cChuka University Library aPN 4145 b.O3 1984 aOdaga Asenath Bole9955 0aYesterday's Today: The study of oral literature c1984aKisumubLake Publishers & Enterprises Ltd a182p aLiterature99422 cBK2lcc 00102lcc40708LGLaCHKbCHKcGENd2022-10-21l0oAFR PN 4145 .O3 1984p353/2006r2022-10-21 00:00:00tC.1w2022-10-21yBK c898d898